000 00665nam a22002537a 4500
003 UA-OsUOA
001 61804
007 ta
008 20090716b un ||||| |||| 00| 0 ukr d
090 _a82
_bН72
942 _cMG
040 _aUA-OsUOA
_bukr
_cUA-OsUOA
_dUA-OsUOA
245 _aНова проза
_cГол. ред. Сичук Ю.
300 _a179 с.
955 _a3
041 _aukr
080 _a82
260 _aК.
246 3 1 _aАльманах сучасної української літератури
_n
044 _aUA
962 _a2006
099 _a95909
650 7 _a82 Література. Літературознавство
_2UDC
999 _c347856
_d347856